Zlatá žatva

Keď pisárka Sára vstúpi do dohodnutého manželstva s Dáriom z Pasargád, stane sa členkou perzskej aristokracie. Má bohatstvo, majetok, postavenie a moc a do manžela sa úprimne zaľúbi. Jej cit však zostáva neopätovaný. Dárius sa zúčastnil mnohých bojov proti neľútostným nepriateľom, no keď sa má posta...

Full description

Bibliographic Details
Main Author: Afshar, Tessa (Author)
Format: Braille Book
Language:Slovak
English
PhysicalDescription:5 zv. v Braillovom písme 26 x 32 cm
Published: Levoča Slovenská knižnica pre nevidiacich Mateja Hrebendu 2017
ISBN:9788018061374
Subjects:

MARC

LEADER 00000cam a2200000 a 4500
001 vtls011709859
003 SK-MaSNL
005 20260301094642.0
007 fb a un a
008 240318s2017 xo ff 000 f slo
015 |a SNBK2017 
020 |a 9788018061374 
040 |a SNK  |b slo  |c SNK  |e AACR2 
041 1 |a slo  |h eng 
044 |a xo  |c SK 
072 7 |a 821.111(73)-3  |x Americká próza  |2 konspekt 
080 |a 821.111(73)-31  |2 2011 
080 |a (0:003.24)  |2 2001 
080 |a (0:82-311.6)  |2 2011 
100 1 |a Afshar, Tessa  |4 aut  |9 206593 
245 1 0 |a Zlatá žatva  |h Braillovo písmo  |c Tessa Afsharová ; [korektor: Želmíra Zemčáková] 
260 |a Levoča  |b Slovenská knižnica pre nevidiacich Mateja Hrebendu  |c 2017 
300 |a 5 zv. v Braillovom písme  |c 26 x 32 cm 
520 8 |a Keď pisárka Sára vstúpi do dohodnutého manželstva s Dáriom z Pasargád, stane sa členkou perzskej aristokracie. Má bohatstvo, majetok, postavenie a moc a do manžela sa úprimne zaľúbi. Jej cit však zostáva neopätovaný. Dárius sa zúčastnil mnohých bojov proti neľútostným nepriateľom, no keď sa má postaviť pred svoju ženu a povedať jej pravdu o sebe, prvý raz v živote pocíti strach. Druhý diel románu Rubínová žatva 
655 7 |a publikácie pre nevidiacich  |2 SNKPH  |9 70695 
655 7 |a publikácie v Braillovom písme  |2 SNKPH  |9 222610 
655 7 |a americké romány  |2 SNKPH  |9 1174 
655 7 |a historické romány  |2 SNKPH  |9 70253 
700 1 |a Zemčáková, Želmíra,  |d 1975-  |4 pfr  |9 190370 
787 0 8 |i Podľa knihy:  |t Zlatá žatva  |d [Stará Ľubovňa] : Kumran, 2016  |z 978-80-89487-75-2 
919 |a 978-80-18-06137-4 
958 |a SX 
958 |a LX 
958 |a UP 
968 |b ENG 
999 |c 680913  |d 682843 
952 |a SNK  |b SNK  |y PREZ  |7 0  |p 17A1271928  |o snkOSB 18842/1  |i snk2017/20347  |8 0  |0 0  |1 0  |4 0  |d 2017-09-19  |l 0  |r 2026-02-23 19:56:19  |w 2026-02-23 
952 |a SNK  |b SNK  |y PREZ  |7 0  |p 17A1271929  |o snkOSB 18842/2  |i snk2017/20348  |8 0  |0 0  |1 0  |4 0  |d 2017-09-19  |l 0  |r 2026-02-23 19:56:19  |w 2026-02-23 
952 |a SNK  |b SNK  |y PREZ  |7 0  |p 17A1271930  |o snkOSB 18842/3  |i snk2017/20349  |8 0  |0 0  |1 0  |4 0  |d 2017-09-19  |l 0  |r 2026-02-23 19:56:19  |w 2026-02-23 
952 |a SNK  |b SNK  |y PREZ  |7 0  |p 17A1271931  |o snkOSB 18842/4  |i snk2017/20350  |8 0  |0 0  |1 0  |4 0  |d 2017-09-19  |l 0  |r 2026-02-23 19:56:19  |w 2026-02-23 
952 |a SNK  |b SNK  |y PREZ  |7 0  |p 17A1271932  |o snkOSB 18842/5  |i snk2017/20351  |8 0  |0 0  |1 0  |4 0  |d 2017-09-19  |l 0  |r 2026-02-23 19:56:19  |w 2026-02-23